Repairing IBM PCs and compatibles : an illustrated guide (Record no. 67190)

000 -LEADER
fixed length control field 00470nam a22001697a 4500
003 - CONTROL NUMBER IDENTIFIER
control field NUST - PNEC
005 - DATE AND TIME OF LATEST TRANSACTION
control field 20170116181014.0
008 - FIXED-LENGTH DATA ELEMENTS--GENERAL INFORMATION
fixed length control field 150913b xxu||||| |||| 00| 0 eng d
020 ## - INTERNATIONAL STANDARD BOOK NUMBER
International Standard Book Number 0830639004
040 ## - CATALOGING SOURCE
Transcribing agency LIBRARY
082 ## - DEWEY DECIMAL CLASSIFICATION NUMBER
Classification number 621.381957 HOR
100 ## - MAIN ENTRY--PERSONAL NAME
9 (RLIN) 10344
Personal name Hordeski, Michael F.
245 ## - TITLE STATEMENT
Title Repairing IBM PCs and compatibles : an illustrated guide
Statement of responsibility, etc. Michael F. Hordeski
260 ## - PUBLICATION, DISTRIBUTION, ETC.
Date of publication, distribution, etc. c.1992
650 ## - SUBJECT ADDED ENTRY--TOPICAL TERM
9 (RLIN) 10346
Topical term or geographic name entry element Compatibles
General subdivision EL, EE
942 ## - ADDED ENTRY ELEMENTS (KOHA)
Source of classification or shelving scheme
Koha item type Book
Holdings
Withdrawn status Lost status Source of classification or shelving scheme Damaged status Not for loan Permanent Location Current Location Shelving location Date acquired Total Checkouts Full call number Barcode Date last seen Price effective from Koha item type
          Pakistan Navy Engineering College (PNEC) Pakistan Navy Engineering College (PNEC)   09/23/2015   621.3916 HOR PNECLIB-016801 09/13/2015   Book
          Pakistan Navy Engineering College (PNEC) Pakistan Navy Engineering College (PNEC)       621.381957 HOR PNECLIB-016802 09/28/2015   Book
© 2023 Central Library, National University of Sciences and Technology. All Rights Reserved.